000 00758nam a2200253Ia 4500
003 OSt
005 20220926012244.0
006 a|||||r|||| 00| 0
007 ta
008 220923b |||||||| |||| 00| 0 eng d
020 _a0521521440
037 _cGeneral Book
040 _aRTL
_cRTL
_beng
041 _2eng
_aeng
082 _aU:(G:55), P3
100 _aKasemir Bernd, and others
_9315924
245 0 _aPublic participating in sustainability science
_bA
260 _aNew York
_bCambridge University Press
_c2003
300 _axxix,281p
_ccm.
500 _aBibliography: P 249-67
650 _aGeography IRT Environment
_9230029
942 _hU:(G:55), P3
_cGB
_2CC
999 _c622240
_d622240